| 000 | 00455nam a22001457a 4500 | ||
|---|---|---|---|
| 020 | _qPB. | ||
| 040 | _cFIZZA ISHAQ | ||
| 082 |
_a973 _bDAV |
||
| 100 |
_a Davis , Kenneth C. _9134037 |
||
| 245 |
_aDon't Know Much about History: Everything You Need to Know About American History but Never Learned / _cKenneth C. Davis. |
||
| 250 | _a1st ED. | ||
| 260 |
_aNew York: _bAvon Books, _c1990. |
||
| 300 |
_a462 P. ; _c8 x 5.2 x 1.1 inches, |
||
| 942 |
_2ddc _cBK |
||
| 999 |
_c616963 _d616963 |
||